Normal view
MARC view
Entry Topical Term
001 - CONTROL NUMBER
- control field: 25539
003 - CONTROL NUMBER IDENTIFIER
- control field: ARRUPE
005 - DATE AND TIME OF LATEST TRANSACTION
- control field: 20160830112346.0
008 - FIXED-LENGTH DATA ELEMENTS
- fixed length control field: 160830|| aca||aabn | a|a d
040 ## - CATALOGING SOURCE
- Original cataloging agency: ARRUPE
- Transcribing agency: ARRUPE
150 ## - HEADING--TOPICAL TERM
- Topical term or geographic name as entry element: United States
- General subdivision: Civilazation
670 ## - SOURCE DATA FOUND
- Source citation: Work cat.: (ARRUPE): Perry, Ralph Barton 25538, Puritanism and democracy, 1964